Science Quiz

Random Science or Clickable Quiz

Drugs - Ion channels and NMJ Quiz Stats

 Plays Quiz not verified by Sporcle

Also try: Wildlife Rainbow
Challenge
Share
Tweet
Embed
Score 0/15 Timer 20:00
0 Plays Today
hint drug % Correct
nAChRBungarotoxin
77.8%
GABATetanus Toxin
77.8%
nAChRSuxamethonium
77.8%
mAChRAtropine
77.8%
AChENeostigmine
77.8%
Na+Phenytoin
66.7%
Ca2+Dihydroperidine
66.7%
Choline re-uptakeHemicholium
66.7%
hint drug % Correct
nAChRTubocurarine
66.7%
Na+Tetratoxin
55.6%
K+Tetraethylammonium (TAE)
44.4%
ACh storageBotulinum Toxin
44.4%
K+Sulphonylurea
33.3%
Ca2+Verapamil
33.3%
AChEMalathion
33.3%

You're not logged in!

Compare scores with friends on all Sporcle quizzes.
OR
Log In

You Might Also Like...

Show Comments

Extras

Created Jan 14, 2014ReportNominate
Tags:Clickable Quiz, channel, drug, ion

Top Quizzes Today


Score Distribution

Your Account Isn't Verified!

In order to create a playlist on Sporcle, you need to verify the email address you used during registration. Go to your Sporcle Settings to finish the process.

Report this User

Report this user for behavior that violates our Community Guidelines.

Details: